00936nam a2200217 a 450000100100000000500170001000800410002702000150006804000250008308200180010810000430012624501260016926000760029530000210037150000730039265000570046565000720052265000430059465000540063770000270069100004917520240705073647.0190725s1993 pr r 000 0 spa d a0847702006 aDO-SdBNPbspacBNPHU a305.42bH831e1 aHostos, Eugenio María de,d1839-190313aLa educación científica de la mujer /cEugenio María de Hostos ; introducción, selección y notas Gabriela Mora. aRío Piedras, Puerto Rico :bInstituto de Estudios Hostonianos,c1993. a113 p. ;c23 cm. aIncluye referencias bibliográficas y notas al pie de las páginas 4aEducación de la mujerxEnsayos, conferencias, etc. 4aDiscriminación sexual en educaciónxEnsayos, conferencias, etc. 4aMujeresxCuestiones sociales y morales 4aDerechos de la mujerxEnsayos, conferencias, etc.1 aMora, Gabriela,eintr.